Systém manažérstva kvality = poriadok v procesoch, v činnostiach a pripravenosť na zmeny

Príspevok poukazuje na potrebu skĺbiť rozsiahle množstvo programov a zmien v systéme, zabezpečiť flexibilitu systému manažérstva kvality a prierezovo hodnotí štyri aspekty reštrukturalizácie výroby.

Enregistré dans:
Détails bibliographiques
Auteur principal: Makula, Ján
Format: Chapitre de livre
Langue:slovaque
Sujets:
Tags: Ajouter un tag
Pas de tags, Soyez le premier à ajouter un tag!

MARC

LEADER 00000naa a2200000 4500
001 r048747
005 20231002070524.8
041 0 |a slo 
044 |a SK 
245 1 0 |a Systém manažérstva kvality = poriadok v procesoch, v činnostiach a pripravenosť na zmeny  |c Ján Makula 
520 |a Príspevok poukazuje na potrebu skĺbiť rozsiahle množstvo programov a zmien v systéme, zabezpečiť flexibilitu systému manažérstva kvality a prierezovo hodnotí štyri aspekty reštrukturalizácie výroby. 
610 2 0 |a systém riadenia kvality 
610 2 0 |a proces výrobný 
610 2 0 |a reštrukturalizácia 
610 2 0 |a riadenie zmien 
610 2 0 |a systémy kvality 
610 2 0 |a systémy výrobné 
100 1 |a Makula, Ján